| 000 | 00712nam a2200229 a 4500 | ||
|---|---|---|---|
| 008 | |||
| 020 | _a0435656449 (pbk.) | ||
| 049 | _aMAIN | ||
| 090 |
_aQD151.2 _bMUR |
||
| 100 | 1 | _aMurray, Peter R. S. | |
| 245 | 1 | 0 |
_aStructural and comparative inorganic chemistry : _ba morden approach for schools and colleges / _cPeter R. S. Murray and P. R. Dawson. |
| 260 |
_aLondon : _bHeinemann, _c1976. |
||
| 300 |
_av, 293 p. : _bill. 23 cm. |
||
| 500 | _aIncludes index. | ||
| 650 | 1 | _aInorganic chemistry. | |
| 700 | _aDawson, P. R. | ||
| 907 |
_a.b10271272 _b09-11-09 _c09-11-09 |
||
| 003 | |||
| 005 | 20230123125002.0 | ||
| 040 | _cNUST | ||
| 942 |
_cBOOKS _kQD151.2 _mMUR |
||
| 999 |
_c133687 _d133687 |
||